Quiz dos Circuitos da Fórmula 1 - Statistics

Estatísticas Gerais
  • Esse quiz foi jogado 502 vezes
  • A pontuação média é 20 de 73
Estatísticas das Respostas
Resposta Localização % Correto
70 Monza Monza, Itália
87%
66 Mônaco Monte-Carlo, Mônaco
86%
37 Interlagos São Paulo, Brasil
85%
55 Silverstone Silverstone, Reino Unido
85%
53 Spa-Francorchamps Stavelot, Bélgica
81%
28 Autódromo Enzo e Dino Ferrari Imola, Itália
71%
31 Suzuka Suzuka, Japão
64%
33 Red Bull Ring Spielberg, Áustria
57%
30 Barcelona-Catalunha Montmeló, Barcelona
55%
30 Zandvoort Zandvoort, Holanda
55%
41 Nurburgring Nurburg, Alemanha
50%
4 Circuito Urbano de Baku Baku, Azerbaijão
49%
1 Autódromo Internacional do Algarve Portimão, Portugal
48%
17 Circuito Internacional do Bahrein Sakhir, Bahrein
47%
7 Autódromo de Sochi Sochi, Russia
45%
35 Hungaroring Mogyórod, Hungria
42%
40 Gilles Villeneuve Montreal, Canadá
39%
10 Jacarépagua Rio de Janeiro, Brasil
39%
16 Circuito Internacional de Xangai Xangai, China
38%
12 Yas Marina Abu Dhabi, EAU
37%
24 Albert Park Melbourne, Austrália
35%
5 Circuito Urbano de Valência Valência, Espanha
35%
19 Sepang Sepang, Malásia
35%
11 Circuito de Rua de Adelaide Adelaide, Austrália
34%
1 Le Mans Le Mans, França
34%
20 Autódromo Hermanos Rodriguez Cidade do México, México
33%
7 Circuito de Jerez Jerez de la Frontera
33%
7 Circuito de Detroit Detroit, EUA
31%
19 Indianapolis Motor Speedway Speedway, EUA
31%
8 Circuito de Rua de Long Beach Long Beach, EUA
30%
16 Paul Ricard Le Castellet, França
30%
37 Hockenheimring Hockenheim, Alemanha
29%
13 Autódromo do Estoril Cascais, Portugal
28%
18 Magny-Cours Magny-Cours, França
28%
12 Cicuito Urbano de Marina Bay Singapura, Singapura
27%
3 Circuito de Rua de Phoenix Phoenix, EUA
27%
20 Watkins Glen Watkins Glen, EUA
25%
8 COTA Austin, EUA
24%
1 Circuito de Pescara Pescara, Itália
22%
1 Sebring Sebring, EUA
22%
20 Circuito de Kyalami Midrand, África do Sul
19%
4 Fuji Speedway Oyama, Japão
18%
10 Zolder Heusden-Zolder, Bélgica
18%
6 Anderstop Raceway Anderstop, Suécia
17%
5 Circuito de Aintree Aintree, Reino Unido
17%
2 Nivelles-Baulers Nivelles, Bélgica
16%
8 Istambul Park Istambul, Turquia
15%
1 Zeltweg Airfield Zeltweg, Áustria
15%
14 Brands Hatch Kent, Reino Unido
13%
1 Mugello Scarperia e San Piero, Itália
12%
1 Circuito de Mont-Tremblant Mont-Tremblant, Canadá
11%
1 Donington Park Leicestershire, Reino Unido
9%
1 AVUS Berlim, Alemanha
8%
2 Circuito da Boavista Porto, Portugal
7%
6 Dijon-Prenois Prenois, França
7%
3 Circuito Internacional de Buddh Greater Noida, Índia
6%
9 Circuito Permanente de Jarama Sán Sebastián de los Reyes, Espanha
6%
1 Circuito de Ain-Diab Casablanca, Marrocos
4%
1 Circuito de Monsanto Lisboa, Portugal
4%
4 Circuito de Montjuic Barcelona, Espanha
4%
2 Circuito do Ceasars Palace Las Vegas, EUA
4%
3 Circuito Prince George East London, África do Sul
3%
5 Circuito de Bremgarten Berna, Suíça
2%
4 Circuito de Charade Saint-Genés-Champanelle, França
2%
2 Circuito de Pedralbes Barcelona, Espanha
2%
4 Circuito Internacional da Coreia Yeongam, Coreia do Sul
2%
1 Fair Park Dallas, EUA
2%
8 Mosport Park Bowmanville, Canadá
2%
11 Reims-Gueux Gueux, França
2%
1 Riverside Moreno Valley, EUA
2%
20 Autódromo Juan y Óscar Galvez Buenos Aires, Argentina
1%
2 Circuito Internacional de Tanaka Mimasaka, Japão
1%
5 Rouen-Les-Essarts Orival, França
1%
Nenhum quiz correspondente encontrado
Distribuição das Pontuações
Porcentagem de Pessoas com Cada Pontuação
Percentil de Números Respondidos
Sua Pontuação Histórica
Você não jogou esse quiz